000 00569nam a2200205Ia 4500
003 OSt
005 20250425171519.0
008 220927b |||||||| |||| 00| 0 eng d
020 _a9788172235031
040 _aSDCL
_cSDCL
_beng
041 _2eng
_aeng
084 _aS N2 LR
100 _aGray, John
_9396493
245 0 _aMen are from Mars women are from Venus
260 _aLondon :
_bHarper Element,
_c1992.
300 _axi,307p.
650 _aReference
942 _cGB
_2CC
_n0
999 _c760453
_d760453